<?xml version="1.0" encoding="UTF-8"?>
<record
    xmlns:xsi="http://www.w3.org/2001/XMLSchema-instance"
    xsi:schemaLocation="http://www.loc.gov/MARC21/slim http://www.loc.gov/standards/marcxml/schema/MARC21slim.xsd"
    xmlns="http://www.loc.gov/MARC21/slim">

  <leader>01287nam a22002654a 4500</leader>
  <controlfield tag="001">477</controlfield>
  <controlfield tag="003">OSt</controlfield>
  <controlfield tag="005">20250902142001.0</controlfield>
  <controlfield tag="008">250902b        |||||||| |||| 00| 0 eng d</controlfield>
  <datafield tag="040" ind1=" " ind2=" ">
    <subfield code="b">por</subfield>
  </datafield>
  <datafield tag="041" ind1=" " ind2=" ">
    <subfield code="h">por</subfield>
  </datafield>
  <datafield tag="082" ind1="0" ind2="4">
    <subfield code="a">028.5</subfield>
    <subfield code="b">A554z</subfield>
  </datafield>
  <datafield tag="100" ind1="1" ind2=" ">
    <subfield code="a">Andrade, Floro Freitas de,</subfield>
    <subfield code="d">1933-</subfield>
    <subfield code="9">1027</subfield>
  </datafield>
  <datafield tag="245" ind1="1" ind2="0">
    <subfield code="a">Zungunga /</subfield>
    <subfield code="c">Floro Freitas de Andrade ; ilustra&#xE7;&#xE3;o Rog&#xE9;rio Borges</subfield>
  </datafield>
  <datafield tag="260" ind1=" " ind2=" ">
    <subfield code="a">S&#xE3;o Paulo :</subfield>
    <subfield code="b">Melhoramentos,</subfield>
    <subfield code="c">1986</subfield>
  </datafield>
  <datafield tag="300" ind1=" " ind2=" ">
    <subfield code="a">79p. :</subfield>
    <subfield code="b">il. ;</subfield>
  </datafield>
  <datafield tag="520" ind1=" " ind2=" ">
    <subfield code="a">Com vigor narrativo e imagina&#xE7;&#xE3;o, Floro Freitas de Andrade centraliza a a&#xE7;&#xE3;o de Zungunga, na trajet&#xF3;ria de Zelito, um jovem pobre e mulato, que n&#xE3;o apenas se depara com dificuldades econ&#xF4;micas, mas precisa igualmente superar as rela&#xE7;&#xF5;es conflitantes entre e com os pais.
O autor alerta para o fato de os personagens serem pura fic&#xE7;&#xE3;o mas, dentro dele, eles aconteceram com tamanha profus&#xE3;o de detalhes, de tal modo n&#xED;tido e vivos, que, de t&#xE3;o bem sonhados, &#xE9; poss&#xED;vel que eles se tenham feito carne, podendo ser encontrados por a&#xED;.</subfield>
  </datafield>
  <datafield tag="650" ind1=" " ind2=" ">
    <subfield code="a">Literatura Brasileira</subfield>
    <subfield code="9">205</subfield>
  </datafield>
  <datafield tag="650" ind1=" " ind2=" ">
    <subfield code="a">Infantojuvenil</subfield>
    <subfield code="9">200</subfield>
  </datafield>
  <datafield tag="650" ind1=" " ind2="0">
    <subfield code="a">Fic&#xE7;&#xE3;o e realidade</subfield>
    <subfield code="9">1028</subfield>
  </datafield>
  <datafield tag="655" ind1=" " ind2="0">
    <subfield code="a">Romance</subfield>
    <subfield code="9">23</subfield>
  </datafield>
  <datafield tag="655" ind1=" " ind2="0">
    <subfield code="a">Fic&#xE7;&#xE3;o </subfield>
    <subfield code="9">22</subfield>
  </datafield>
  <datafield tag="700" ind1="1" ind2=" ">
    <subfield code="a">Borges, Rog&#xE9;rio,</subfield>
    <subfield code="d">1951-</subfield>
    <subfield code="e">Ilustrador</subfield>
    <subfield code="9">1029</subfield>
  </datafield>
  <datafield tag="942" ind1=" " ind2=" ">
    <subfield code="2">ddc</subfield>
    <subfield code="n">0</subfield>
    <subfield code="c">BK</subfield>
  </datafield>
  <datafield tag="952" ind1=" " ind2=" ">
    <subfield code="0">0</subfield>
    <subfield code="1">0</subfield>
    <subfield code="2">ddc</subfield>
    <subfield code="4">0</subfield>
    <subfield code="7">0</subfield>
    <subfield code="8">FIC</subfield>
    <subfield code="a">BIBIB</subfield>
    <subfield code="b">BIBIB</subfield>
    <subfield code="c">IJ</subfield>
    <subfield code="d">2025-09-02</subfield>
    <subfield code="e">doa&#xE7;&#xE3;o</subfield>
    <subfield code="l">0</subfield>
    <subfield code="o">028.5 / A554z</subfield>
    <subfield code="p">2025-17410</subfield>
    <subfield code="r">2025-09-02 09:39:22</subfield>
    <subfield code="w">2025-09-02</subfield>
    <subfield code="y">BK</subfield>
  </datafield>
  <datafield tag="999" ind1=" " ind2=" ">
    <subfield code="c">477</subfield>
    <subfield code="d">477</subfield>
  </datafield>
</record>
